=LDR 00000nam 2200000 4500 =001 INLIS000000000017579 =005 20130612112806 =008 ***********************************Ind** =035 ##$$0010-061300000017579 =041 ##$$a Ind =082 ##$$a 658.15 =090 ##$$a 658.15, Hor p =100 ##$$a Horne, Van =245 ##$$a Prinsip-prinsip manajemen keuangan, Van Horne =260 ##$$a 1995 $b Jakarta =300 ##$$a xi, 320 hlm, 26 cm =650 ##$$a Manajemen Keuangan =850 ##$$a NBPNMAT